Statistics for Cities With One Million People by Letter - W

Click here to take the quiz!

General Stats

  • This quiz has been taken 157 times
  • The average score is 4 of 8

Answer Stats

City % Correct
Warsaw
100%
Washington
98%
Wuhan
77%
Wenzhou
46%
Wuxi
41%
Wanzhou
19%
Weifang
18%
Wuhu
18%

Score Distribution

Percentile by Number Answered

Percent of People with Each Score

Your Score History

You have not taken this quiz